[Event "Petrolina Cordioli Memorial op"]
[Site "Petrolina"]
[Date "2008.10.09"]
[Round "1.6"]
[White "Pinheiro, Iung Alicio"]
[Black "Da Silva, Valdinei"]
[Result "1-0"]
[WhiteElo "2260"]
[BlackElo "1838"]
[PlyCount "54"]
[EventDate "2008.10.09"]
[EventType "swiss"]
[EventRounds "7"]
[EventCountry "BRA"]
[SourceTitle "EXT 2022"]
[Source "ChessBase"]
[SourceDate "2021.10.06"]
[SourceVersion "1"]
[SourceVersionDate "2021.10.06"]
[SourceQuality "1"]

1. e4 e5 2. Nf3 d6 3. d4 exd4 4. Nxd4 Nf6 5. Nc3 a6 6. Nde2 Nbd7 7. h3 Ne5 8. Nf4 b5 9. a3 c6 10. g3 Be6 11. Bg2 Be7 12. Nxe6 fxe6 13. f4 Nc4 14. e5 Nd5 15. exd6 Qxd6 16. Ne4 Qd7 17. Qh5+ g6 18. Qe2 0-0 19. b3 Na5 20. 0-0 Nb7 21. Bb2 Rae8 22. Rad1 Nd8 23. Kh2 Qc8 24. h4 Nf6 25. Ng5 e5 26. Bh3 Qb7 27. f5 Nd5 1-0

[Event "Petrolina Cordioli Memorial op"]
[Site "Petrolina"]
[Date "2007.10.21"]
[Round "6"]
[White "Azevedo, Edmundo Roberto Ram"]
[Black "Da Silva, Valdinei"]
[Result "1-0"]
[WhiteElo "2163"]
[BlackElo "1834"]
[PlyCount "47"]
[EventDate "2007.10.09"]
[EventType "swiss"]
[EventRounds "7"]
[EventCountry "BRA"]
[SourceTitle "EXT 2022"]
[Source "ChessBase"]
[SourceDate "2021.10.06"]
[SourceVersion "1"]
[SourceVersionDate "2021.10.06"]
[SourceQuality "1"]

1. d4 e6 2. Nf3 d5 3. Bf4 Bd6 4. Bg5 f6 5. Bh4 Nh6 6. e3 0-0 7. Bd3 Be7 8. Nbd2 f5 9. Bg3 a6 10. c4 Nc6 11. a3 Bd7 12. Rc1 dxc4 13. Bxc4 b5 14. Bxe6+ Kh8 15. Bxd7 Qxd7 16. Qc2 Rf6 17. Ne5 Nxe5 18. Bxe5 Rg6 19. Qxc7 Qd5 20. Qxe7 Qxg2 21. Rf1 Ng4 22. Qd7 Nxh2 23. Rc8+ Rxc8 24. Qxc8# 1-0